História das viagens, vida e morte do grande Infante Dom Pedro (Record no. 45793)

MARC details
000 -Etiqueta do registo
Valores 00705cam a22002291i 4500
100 ## - Dados gerais de processamento
Dados gerais 20020702d1941 m y0pory5003 ba
101 0# - Língua de publicação
Língua por
102 ## - País de publicação
País PT
200 1# - Titulo e menção de responsabilidade
Título próprio História das viagens, vida e morte do grande Infante Dom Pedro
Primeira menção de responsabilidade Virginia de Castro e Almeida
210 #9 - Publicação
Local de publicação Lisboa
Nome do editor Ed. S.P.N.,
Data de publicação 1941
215 ## - Descrição física 
Paginação / Volumes 14 [1] p.
Outras indicações físicas il.
Dimensões 24 cm
225 2# - Colecção 
Título próprio da colecção Patria
Indicação de volume 21
675 ## - CDU
Notação 821.511.141-34
700 #1 - Autor principal
Apelido Almeida,
Nome Virgínia de Castro e,
Datas 1874-1945
801 #0 - Fonte de origem
País PT
Agência BN
Regras de catalogação RPC
801 #1 - Fonte de origem
País FR
Agência JOUVE
Regras de catalogação RPC
856 40 - Localização e acesso electrónico 
URL <a href="https://purl.pt/40003">https://purl.pt/40003</a>
856 41 - Localização e acesso electrónico 
URL <a href="https://purl.pt/40003/service/media/cover/low">https://purl.pt/40003/service/media/cover/low</a>
856 49 - Localização e acesso electrónico 
URL <a href="https://purl.pt/40003/service/media/pdf">https://purl.pt/40003/service/media/pdf</a>
990 ## - Elementos KOHA
Tipo de documento Livro
Holdings
Aquisição Empréstimo Código de barras Cota Permissão de empréstimo Tipo de documento
Biblioteca Municipal de Redondo Biblioteca Municipal de Redondo 057028 821.134.3 ALM   Livro

Powered by Koha